Súhrnný indikátor spotrebiteľskej dôvery

Spotrebiteľská dôvera v členských krajinách EÚ. Spotrebiteľský barometer k aprílu 2009 - stručný prehľad výsledkov.

Salvato in:
Dettagli Bibliografici
Natura: Capitolo di libro
Lingua:slovacco
Soggetti:
Tags: Aggiungi Tag
Nessun Tag, puoi essere il primo ad aggiungerne!!

MARC

LEADER 00000naa$a2200000$$$4500
001 0099710
005 20230927074119.8
041 0 |a slo 
044 |a SK 
245 1 0 |a Súhrnný indikátor spotrebiteľskej dôvery 
520 |a Spotrebiteľská dôvera v členských krajinách EÚ. Spotrebiteľský barometer k aprílu 2009 - stručný prehľad výsledkov. 
610 2 0 |a vývoj hospodársky 
610 2 0 |a Slovensko 
610 2 0 |a ceny spotrebiteľské 
610 2 0 |a inflácia 
610 2 0 |a nezamestnanosť 
610 2 0 |a domácnosti 
610 2 0 |a financie 
610 2 0 |a sporenie obyvateľstva 
610 2 0 |a nákup